000 00541nam a2200157 a 4500
001 000038495
005 20201002031258.0
008 130412s2012 dr 000 0 spa d
020 _a9789945481259
040 _aDO-SdBNP
_bspa
_cBNPHU
100 1 _aReyes Aquino, Víctor Manuel
_964847
245 1 0 _aSituación jurídica de las cooperativas en la República Dominicana /
_cVíctor Manuel Reyes Aquino.
260 _aSanto Domingo :
_bEditora Centenario,
_c2012.
300 _a210 p. ;
_c23 cm.
500 _aIncluye notas al pie de las páginas
999 _c37985
_d37985